Statistics for 鉄道路線の愛称

Click here to take the quiz!

General Stats

  • This quiz has been taken 51 times
  • The average score is 7 of 15

Answer Stats

区間愛称名% Correct
東武野田線全線東武アーバンパークライン
93%
片町線全線学研都市線
87%
桜井線全線万葉まほろば線
85%
吉備線全線桃太郎線
83%
都電荒川線全線東京さくらトラム
80%
首都圏エリアの元国電E電
67%
埼玉高速鉄道全線埼玉スタジアム線
52%
都営大江戸線全線ゆめもぐら
39%
近鉄けいはんな線全線ゆめはんな
35%
東京〜長野長野行新幹線
33%
なんば〜橋本りんかんサンライン
30%
三原〜広瀬戸内さざなみ線
11%
埼玉高速鉄道全線彩の国スタジアム線
9%
大井川鐵道井川線全線南アルプスあぷとライン
4%
久留里線全線パー線
4%

Score Distribution

Percentile by Number Answered

Percent of People with Each Score

Your Score History

You have not taken this quiz